=LDR 00000nam 2200000 4500 =001 NUTBA000000000001994 =005 20140528144125.0 =006 =007 =008 =020 ##$$a 978-979-1276-62-7 =035 ##$$a 0010-051400000000459 =040 ##$$a NBPDMAT =082 ##$$a 745.5 =090 ##$$a 745.5 $b Bag w =100 ##$$a Bagas Shinugi =245 ##$$a Wadah-wadah praktis / $c Bagas Shinugi ; Editor Weni Rahayu =250 ##$$a Cet.1 =260 ##$$a Jakarta : $b Mediantara Semesta, $c 2008 =300 ##$$a 51 hlm. : $b ilus. ; $c 24 cm. =650 ##$$a Kerajinan Tangan =700 ##$$a Weni Rahayu =850 ##$$a NBPDMAT =990 ##$$a 21400857